Tiempo, clima, agua en la era de la información (Registro nro. 4607)

Detalles MARC
000 -CABECERA
Campo de control 00787nam a2200229 a 4500
005 - FECHA Y HORA DE LA ULTIMA TRANSACCION
Campo de control 20160222153636.0
008 - ELEMENTOS DE LONGITUD FIJA—INFORMACION GENERAL
Campo de control 140317t2004 sz ado |r|||| 00| 0 spa d
020 ## - ISBN
ISBN 9263309701
040 ## - FUENTE DE CATALOGACIÓN
Agencia catalogadora original CO-BoIAVH
Agencia transcriptora CO-BoIAVH
041 0# - IDIOMA
Código de idioma para texto/pista de sonido o título separado Español
044 ## - PAÍS DE PUBLICACIÓN
País de publicación Suiza
082 04 - NUMERO DE CLASIFICACION DECIMAL DEWEY
Número de clasificación 613.110285
Número del ítem T56c
110 2# - ASIENTO PRINCIPAL--NOMBRE CORPORATIVO
Nombre corporativo o de jurisdicción como elemento de entrada Organización Meteorológica Mundial
9 (RLIN) 6811
245 10 - MENCION DE TITULO
Título Tiempo, clima, agua en la era de la información
260 ## - PUBLICACION, DISTRIBUCION, ETC. (PIE DE IMPRENTA)
Lugar de publicación, distribución, etc. Ginebra :
Nombre del editor, distribuidor, etc. OMM,
Fecha de publicación, distribución, etc. 2004.
300 ## - DESCRIPCION FISICA
Extensión 36 páginas :
Otros detalles físicos ilustraciones a color, tablas y fotografías a color ;
Dimensiones 20 x 21 cm.
490 0# - MENCION DE SERIE
Mención de serie OMM ;
Designación numérica/secuencial del volumen 970
650 #6 - ASIENTO SECUNDARIO DE MATERIA - TERMINO TEMATICO
Término temático o nombre geográfico como elemento de entrada Climatología
Subdivisión general sistemas de información
9 (RLIN) 62079
650 #6 - ASIENTO SECUNDARIO DE MATERIA - TERMINO TEMATICO
Término temático o nombre geográfico como elemento de entrada Recursos hídricos
Subdivisión general sistemas de información
9 (RLIN) 62080
650 #6 - ASIENTO SECUNDARIO DE MATERIA - TERMINO TEMATICO
Término temático o nombre geográfico como elemento de entrada Desastres naturales
Subdivisión general Técnicas de predicción
9 (RLIN) 62081
942 ## - ELEMENTOS ADICIONALES (KOHA)
Tipo de ítem Libro
Sistema de clasificación Dewey Decimal Classification
Existencias
Withdrawn status Lost status Sistema de Clasificación Damaged status No para préstamo Colección Inventariado Ubicación Permanente Ubicación actual Fecha de adquisición Fuente de Valor Valor Total Checkouts Número topográfico Inventario / Código de Barras Date last seen Ejemplar Price effective from Forma de adquisición Tipo de material
    Dewey Decimal Classification     General Inventariado 2017 Bogotá Bogotá 24/06/2005 Instituto 15000.00   LB-613.110285 T56c 016898 04/12/2012 Ej. 1 04/12/2012   Libro